[Event "Mecklenburg VP LL2 West 2223"]
[Site "Mecklenburg VP"]
[Date "2023.05.07"]
[Round "9.5"]
[White "Lippitz, Jaden"]
[Black "Streit, Bodo"]
[Result "1/2-1/2"]
[WhiteElo "1481"]
[BlackElo "1872"]
[PlyCount "77"]
[EventDate "2022.10.23"]
[EventType "team-tourn"]
[EventRounds "9"]
[EventCountry "GER"]
[SourceTitle "EXT 2024"]
[Source "ChessBase"]
[SourceDate "2023.10.10"]
[SourceVersion "1"]
[SourceVersionDate "2023.10.10"]
[SourceQuality "1"]
[WhiteTeam "Guestrow/Teterow II"]
[BlackTeam "Grevesmuehlen Blau Weiss"]
[WhiteTeamCountry "GER"]
[BlackTeamCountry "GER"]

1. e4 d6 2. d4 Nf6 3. Nc3 c6 4. f4 Qc7 5. Nf3 Bg4 6. h3 Bxf3 7. Qxf3 e5 8. Be3 Nbd7 9. 0-0-0 a6 10. g4 g6 11. f5 exd4 12. Bxd4 Bh6+ 13. Kb1 Rf8 14. h4 g5 15. Bxf6 Nxf6 16. h5 0-0-0 17. Bg2 Rfe8 18. Rhe1 Re5 19. Qg3 Rde8 20. Bf3 Nd7 21. Qf2 Bf8 22. Qd2 Qa5 23. Qxg5 h6 24. Qd2 f6 25. Ne2 Qxd2 26. Rxd2 Nc5 27. Nc3 b5 28. b4 Nd7 29. Ne2 Nb6 30. c3 Nc4 31. Rd3 c5 32. Nf4 Rd8 33. Ne6 Re8 34. bxc5 dxc5 35. Red1 R5xe6 36. fxe6 Ne5 37. Re3 Rxe6 38. Rd5 Kc7 39. Bd1 1/2-1/2

[Event "Mecklenburg VP Verbandsliga 2021"]
[Site "Mecklenburg VP"]
[Date "2020.10.18"]
[Round "2.7"]
[White "Streit, Bodo"]
[Black "Borchert, Ulf"]
[Result "1/2-1/2"]
[WhiteElo "1872"]
[BlackElo "1990"]
[PlyCount "20"]
[EventDate "2020.09.27"]
[EventType "team-tourn"]
[EventRounds "9"]
[EventCountry "GER"]
[SourceTitle "EXT 2024"]
[Source "ChessBase"]
[SourceDate "2023.10.10"]
[SourceVersion "1"]
[SourceVersionDate "2023.10.10"]
[SourceQuality "1"]
[WhiteTeam "Grevesmuehlen Blau Weiss"]
[BlackTeam "Wismar ASV Gruen-Weiss"]
[WhiteTeamCountry "GER"]
[BlackTeamCountry "GER"]

1. b4 e5 2. Bb2 Bxb4 3. f4 d6 4. fxe5 dxe5 5. Bxe5 Nf6 6. Nc3 Nc6 7. Bxf6 Qxf6 8. Nd5 Qd6 9. Nxb4 Nxb4 10. c3 Nd5 1/2-1/2

[Event "Mecklenburg VP Verbandsliga 1920"]
[Site "Mecklenburg VP"]
[Date "2019.11.24"]
[Round "3.6"]
[White "Boecking, Uwe"]
[Black "Streit, Bodo"]
[Result "1-0"]
[WhiteElo "1769"]
[BlackElo "1872"]
[PlyCount "83"]
[EventDate "2019.09.29"]
[EventType "team-tourn"]
[EventRounds "9"]
[EventCountry "GER"]
[SourceTitle "EXT 2023"]
[Source "ChessBase"]
[SourceDate "2022.10.05"]
[SourceVersion "1"]
[SourceVersionDate "2022.10.05"]
[SourceQuality "1"]
[WhiteTeam "Rostock Turbine"]
[BlackTeam "Grevesmuehlen Blau Weiss"]
[WhiteTeamCountry "GER"]
[BlackTeamCountry "GER"]

1. e4 e5 2. Nf3 Nc6 3. d4 exd4 4. Nxd4 Nxd4 5. Qxd4 Qf6 6. e5 Qb6 7. Qxb6 axb6 8. Nc3 d6 9. Nb5 Kd8 10. Bf4 Ra4 11. c4 Bd7 12. b3 Ra5 13. exd6 Bxb5 14. dxc7+ Kc8 15. cxb5 Bb4+ 16. Bd2 Bxd2+ 17. Kxd2 Kxc7 18. Rc1+ Kd7 19. a4 Ra8 20. Bc4 Nf6 21. f3 Rhe8 22. Bxf7 Re7 23. Bc4 Rc8 24. Rhe1 Rce8 25. Rxe7+ Rxe7 26. Re1 Rxe1 27. Kxe1 Kd6 28. Kd2 Nd7 29. Ke3 Ne5 30. Kd4 Nd7 31. b4 h6 32. Bd5 Kc7 33. Be6 Nf8 34. Bf5 g6 35. Be4 Kd6 36. Bxb7 Ne6+ 37. Ke3 Nc7 38. Bc6 Ne6 39. a5 Kc7 40. a6 Kb8 41. Ke4 g5 42. g3 1-0

[Event "Mecklenburg VP LL2 West 1819"]
[Site "Mecklenburg VP"]
[Date "2019.03.24"]
[Round "8.6"]
[White "Streit, Bodo"]
[Black "Moews, Harald"]
[Result "1-0"]
[WhiteElo "1872"]
[BlackElo "1737"]
[PlyCount "93"]
[EventDate "2018.10.21"]
[EventType "team-tourn"]
[EventRounds "9"]
[EventCountry "GER"]
[SourceTitle "EXT 2022"]
[Source "ChessBase"]
[SourceDate "2021.10.06"]
[SourceVersion "1"]
[SourceVersionDate "2021.10.06"]
[SourceQuality "1"]
[WhiteTeam "Grevesmuehlen Blau Weiss"]
[BlackTeam "Schwerin SV Einheit"]
[WhiteTeamCountry "GER"]
[BlackTeamCountry "GER"]

1. b4 e6 2. Bb2 Nf6 3. b5 Be7 4. e3 0-0 5. Nf3 b6 6. a4 Bb7 7. a5 a6 8. axb6 cxb6 9. bxa6 Nxa6 10. Nc3 Nc5 11. Be2 Bc6 12. 0-0 d6 13. Nd4 Bd7 14. Bb5 e5 15. Nc6 Bxc6 16. Bxc6 Ra5 17. Rxa5 bxa5 18. Nd5 Nxd5 19. Bxd5 a4 20. Qa1 Qa5 21. Bc3 Qa6 22. f4 Nd7 23. Qa2 Bf6 24. fxe5 dxe5 25. Bb4 Rb8 26. c3 Nb6 27. Bxf7+ Kh8 28. Be6 Qd3 29. Bc5 Qb5 30. Bd6 Ra8 31. Bc7 Qc6 32. Bxb6 Qxb6 33. Rb1 Qd6 34. Bd5 Rd8 35. c4 a3 36. Rb3 Be7 37. Rb7 g6 38. Qa1 Rb8 39. c5 Qxd5 40. Rxb8+ Kg7 41. d4 exd4 42. Qxd4+ Qxd4 43. exd4 Bf6 44. c6 Bxd4+ 45. Kf1 Be5 46. Ra8 Bd6 47. Rxa3 1-0

[Event "Mecklenburg VP LL 1617"]
[Site "Mecklenburg VP"]
[Date "2017.04.23"]
[Round "9.6"]
[White "Kross, Gunnar"]
[Black "Streit, Bodo"]
[Result "1-0"]
[WhiteElo "1979"]
[BlackElo "1766"]
[PlyCount "63"]
[EventDate "2016.10.16"]
[EventType "team-tourn"]
[EventRounds "9"]
[EventCountry "GER"]
[SourceTitle "EXT 2022"]
[Source "ChessBase"]
[SourceDate "2021.10.06"]
[SourceVersion "1"]
[SourceVersionDate "2021.10.06"]
[SourceQuality "1"]
[WhiteTeam "Schwerin SF II"]
[BlackTeam "Grevesmuehlen Blau Weiss"]
[WhiteTeamCountry "GER"]
[BlackTeamCountry "GER"]

1. d4 d5 2. Nf3 Bf5 3. g3 Nf6 4. Bg2 e6 5. 0-0 Be7 6. Nbd2 0-0 7. Nh4 c6 8. Nxf5 exf5 9. c4 Qb6 10. c5 Qc7 11. Nf3 Nh5 12. Ne5 g6 13. Bf3 f6 14. Nd3 Ng7 15. Bf4 Qd7 16. Bh6 Re8 17. Bxg7 Kxg7 18. b4 a6 19. a4 Bd8 20. Qb3 Bc7 21. e3 Re7 22. Rfb1 Qe8 23. b5 axb5 24. axb5 Rxa1 25. Rxa1 Kh6 26. Ra8 cxb5 27. Qxd5 Rxe3 28. fxe3 Qxe3+ 29. Nf2 Nc6 30. Kg2 Nxd4 31. Qxb7 f4 32. Ng4+ 1-0

[Event "Mecklenburg VP LL 1617"]
[Site "Mecklenburg VP"]
[Date "2016.11.20"]
[Round "3.6"]
[White "Streit, Bodo"]
[Black "Dombrowski, Frank"]
[Result "0-1"]
[WhiteElo "1766"]
[BlackElo "1988"]
[PlyCount "140"]
[EventDate "2016.10.16"]
[EventType "team-tourn"]
[EventRounds "9"]
[EventCountry "GER"]
[SourceTitle "EXT 2022"]
[Source "ChessBase"]
[SourceDate "2021.10.06"]
[SourceVersion "1"]
[SourceVersionDate "2021.10.06"]
[SourceQuality "1"]
[WhiteTeam "Grevesmuehlen Blau Weiss"]
[BlackTeam "Greifswald II"]
[WhiteTeamCountry "GER"]
[BlackTeamCountry "GER"]

1. b4 c6 2. e3 d5 3. Bb2 Nf6 4. Nf3 Bf5 5. Be2 e6 6. a3 Nbd7 7. c4 dxc4 8. Bxc4 b5 9. Be2 Qb6 10. Nd4 Be4 11. f3 Bxb1 12. Qxb1 a6 13. Nb3 Be7 14. Bd4 Qc7 15. Qc2 Rc8 16. Rc1 e5 17. Bc5 Nxc5 18. Nxc5 Bxc5 19. Qxc5 Nd7 20. Qc2 c5 21. f4 0-0 22. fxe5 Qxe5 23. 0-0 c4 24. Bg4 Qd6 25. Rf4 Rcd8 26. Rd4 Qe7 27. Rf1 Nf6 28. Rxd8 Rxd8 29. Bf3 Qd7 30. Rd1 Qd3 31. Qc3 Qxc3 32. dxc3 Rxd1+ 33. Bxd1 Ne4 34. Bc2 Nxc3 35. Kf2 Nd5 36. Be4 Nc7 37. Bb7 Kf8 38. Kf3 Ke7 39. Ke4 Kd7 40. Ke5 f6+ 41. Kd4 Kd6 42. Bc8 g6 43. Bb7 Ne6+ 44. Kc3 Nc7 45. Kd4 f5 46. Bc8 Kc6 47. g4 fxg4 48. Bxg4 Kd6 49. Bc8 g5 50. Bf5 Ne6+ 51. Ke4 h6 52. Bg4 Nc7 53. Bc8 Kc6 54. Kd4 Kd6 55. Bb7 Ne6+ 56. Ke4 Nc7 57. Bc8 h5 58. h3 Kc6 59. Kd4 Kd6 60. Ke4 c3 61. Kd3 Ke5 62. Kxc3 Ke4 63. Kd2 Kf3 64. Kd3 g4 65. hxg4 hxg4 66. Kd4 g3 67. Kc5 Kxe3 68. Bb7 Ne6+ 69. Kb6 Nd4 70. Bg2 Nc2 0-1

[Event "Mecklenburg VP LL 1617"]
[Site "Mecklenburg VP"]
[Date "2016.10.16"]
[Round "1.4"]
[White "Streit, Bodo"]
[Black "Stoevesand, Peter"]
[Result "0-1"]
[WhiteElo "1766"]
[BlackElo "1851"]
[PlyCount "88"]
[EventDate "2016.10.16"]
[EventType "team-tourn"]
[EventRounds "9"]
[EventCountry "GER"]
[SourceTitle "EXT 2022"]
[Source "ChessBase"]
[SourceDate "2021.10.06"]
[SourceVersion "1"]
[SourceVersionDate "2021.10.06"]
[SourceQuality "1"]
[WhiteTeam "Grevesmuehlen Blau Weiss"]
[BlackTeam "Neubrandenburg SG Eintracht"]
[WhiteTeamCountry "GER"]
[BlackTeamCountry "GER"]

1. b4 d5 2. Bb2 Nf6 3. Nf3 Bf5 4. e3 e6 5. b5 Be7 6. c4 0-0 7. Nc3 Nbd7 8. cxd5 Nxd5 9. Nxd5 exd5 10. a4 Nc5 11. d4 Ne4 12. Ba3 c5 13. Nd2 c4 14. Bxe7 Qxe7 15. Nxe4 Qxe4 16. Qc1 Rfe8 17. Ra3 Re6 18. f3 Qxd4 19. Kf2 Qb6 20. g4 Bg6 21. Be2 f5 22. gxf5 Bxf5 23. Rg1 Rg6 24. Rg3 Rd8 25. Qc3 Rxg3 26. hxg3 Qh6 27. g4 Qh2+ 28. Ke1 Be6 29. Qd4 b6 30. Kd2 Qd6 31. Rc3 Bf7 32. Bd1 Qc5 33. Bc2 Qxd4+ 34. exd4 Rd6 35. Ra3 Bg6 36. Bd1 Kf7 37. a5 Kf6 38. axb6 axb6 39. Ke3 Be8 40. Ra2 Bxb5 41. Rh2 h6 42. Rh5 Bc6 43. Rf5+ Ke7 44. g5 Bd7 0-1

[Event "Mecklenburg VP VL 1516"]
[Site "Mecklenburg VP"]
[Date "2016.01.17"]
[Round "5.6"]
[White "Winkler, Karl"]
[Black "Streit, Bodo"]
[Result "1-0"]
[WhiteElo "1863"]
[BlackElo "1765"]
[PlyCount "63"]
[EventDate "2015.09.20"]
[EventType "team-tourn"]
[EventRounds "9"]
[EventCountry "GER"]
[SourceTitle "EXT 2022"]
[Source "ChessBase"]
[SourceDate "2021.10.06"]
[SourceVersion "1"]
[SourceVersionDate "2021.10.06"]
[SourceQuality "1"]
[WhiteTeam "Neubrandenburg SG Eintracht"]
[BlackTeam "Grevesmuehlen Blau Weiss"]
[WhiteTeamCountry "GER"]
[BlackTeamCountry "GER"]

1. e4 e5 2. d4 exd4 3. Qxd4 Nc6 4. Qe3 d6 5. Nc3 g6 6. Bd2 Bg4 7. a3 a6 8. h3 Bh6 9. f4 Be6 10. 0-0-0 Bg7 11. Nf3 Nge7 12. Ng5 h6 13. Nxe6 fxe6 14. Bc4 Qd7 15. Qg3 e5 16. f5 Nd4 17. Rhf1 Rf8 18. fxg6 d5 19. Rxf8+ Bxf8 20. g7 0-0-0 21. gxf8Q Rxf8 22. exd5 Qf5 23. Qg4 h5 24. Qxf5+ Rxf5 25. Rf1 e4 26. Rxf5 Nexf5 27. Nxe4 h4 28. c3 b5 29. Ba2 Ne2+ 30. Kd1 Neg3 31. Nxg3 hxg3 32. Ke2 1-0

[Event "Mecklenburg VP VL 1415"]
[Site "Mecklenburg VP"]
[Date "2015.02.22"]
[Round "6.8"]
[White "Streit, Bodo"]
[Black "Hippe, Franziska"]
[Result "1-0"]
[WhiteElo "1758"]
[BlackElo "1885"]
[PlyCount "113"]
[EventDate "2014.09.21"]
[EventType "team-tourn"]
[EventRounds "9"]
[EventCountry "GER"]
[SourceTitle "EXT 2022"]
[Source "ChessBase"]
[SourceDate "2021.10.06"]
[SourceVersion "1"]
[SourceVersionDate "2021.10.06"]
[SourceQuality "1"]
[WhiteTeam "Grevesmuehlen Blau Weiss"]
[BlackTeam "Torgelow Droegeheide"]
[WhiteTeamCountry "GER"]
[BlackTeamCountry "GER"]

1. b4 c6 2. e3 a5 3. b5 cxb5 4. Bxb5 Nc6 5. Nc3 e6 6. Nf3 Nf6 7. 0-0 Be7 8. a4 0-0 9. d4 d5 10. Bd3 Bd7 11. Nb5 Nb4 12. c4 Nxd3 13. Qxd3 dxc4 14. Qxc4 Rc8 15. Qd3 Bc6 16. Nc3 Nd5 17. Nxd5 Bxd5 18. Nd2 Bb4 19. Bb2 Qg5 20. f3 Rc7 21. Ne4 Qh4 22. g3 Qh5 23. g4 Qh4 24. Rac1 Rfc8 25. Rxc7 Rxc7 26. Rf2 Be1 27. Rc2 Rxc2 28. Qxc2 h5 29. gxh5 Bxe4 30. fxe4 Qg5+ 31. Kf1 Qxe3 32. Qe2 Qxe2+ 33. Kxe2 Bb4 34. Kd3 Bd6 35. h3 Kh7 36. Bc1 f5 37. e5 Bb4 38. Kc4 Kg8 39. d5 Kf7 40. d6 Ke8 41. h6 gxh6 42. Bxh6 Be1 43. Bf4 Kd7 44. Kb5 Bh4 45. Kb6 Kc8 46. Kxa5 Bd8+ 47. Kb5 Kd7 48. a5 Kc8 49. a6 bxa6+ 50. Kc6 a5 51. Be3 a4 52. Ba7 Ba5 53. d7+ Kd8 54. Kd6 a3 55. Be3 Bb4+ 56. Kxe6 Kc7 57. Bg5 1-0

[Event "Mecklenburg VP VL 1314"]
[Site "Mecklenburg VP"]
[Date "2014.04.06"]
[Round "8.8"]
[White "Streit, Bodo"]
[Black "Schumann, Rabea"]
[Result "0-1"]
[WhiteElo "1773"]
[BlackElo "1687"]
[PlyCount "63"]
[EventDate "2013.10.20"]
[EventType "team-tourn"]
[EventRounds "9"]
[EventCountry "GER"]
[SourceTitle "EXT 2022"]
[Source "ChessBase"]
[SourceDate "2021.10.06"]
[SourceVersion "1"]
[SourceVersionDate "2021.10.06"]
[SourceQuality "1"]
[WhiteTeam "Grevesmuehlen Blau Weiss"]
[BlackTeam "Rostock SSC 07 II"]
[WhiteTeamCountry "GER"]
[BlackTeamCountry "GER"]

1. b4 Nf6 2. Bb2 e6 3. b5 Be7 4. e3 0-0 5. Nf3 d5 6. c4 c6 7. a4 a6 8. Qc2 dxc4 9. Bxc4 axb5 10. axb5 Rxa1 11. Bxa1 cxb5 12. Bxb5 Qa5 13. Qb2 Bd7 14. Nc3 Bxb5 15. Nxb5 Nc6 16. Nfd4 Ra8 17. 0-0 Nxd4 18. Nxd4 Qa6 19. Nb5 Qb6 20. Rc1 h6 21. Qe5 Ra5 22. Rb1 Bd6 23. Qb2 Be7 24. f3 Ne8 25. Kf2 Bf6 26. d4 Qa6 27. Nc3 Nd6 28. Qb4 Rxa1 29. Rxa1 Qxa1 30. Qxd6 Qxc3 31. Qb8+ Kh7 32. Qxb7 0-1

[Event "Mecklenburg VP VL 1314"]
[Site "Mecklenburg VP"]
[Date "2014.01.19"]
[Round "5.8"]
[White "Hantel, Thomas"]
[Black "Streit, Bodo"]
[Result "1-0"]
[WhiteElo "1661"]
[BlackElo "1773"]
[PlyCount "85"]
[EventDate "2013.10.20"]
[EventType "team-tourn"]
[EventRounds "9"]
[EventCountry "GER"]
[SourceTitle "EXT 2022"]
[Source "ChessBase"]
[SourceDate "2021.10.06"]
[SourceVersion "1"]
[SourceVersionDate "2021.10.06"]
[SourceQuality "1"]
[WhiteTeam "Rostock HSG Uni"]
[BlackTeam "Grevesmuehlen Blau Weiss"]
[WhiteTeamCountry "GER"]
[BlackTeamCountry "GER"]

1. d4 d5 2. c4 e6 3. Nc3 Nf6 4. Nf3 Be7 5. e3 Nbd7 6. Bd3 h6 7. 0-0 0-0 8. a3 c5 9. b3 b6 10. Qc2 Bb7 11. cxd5 Nxd5 12. Nxd5 Bxd5 13. Be4 Nf6 14. Bxd5 Qxd5 15. dxc5 Bxc5 16. Rd1 Qh5 17. b4 Be7 18. Bb2 Rac8 19. Qa4 Rc7 20. Be5 Rb7 21. Qc6 Rfb8 22. Bxb8 Rxb8 23. Qc7 Re8 24. Qxa7 b5 25. Qb7 Ng4 26. h3 Ne5 27. Nxe5 Qxe5 28. Qf3 Rc8 29. Qf4 Qb2 30. Qd4 Rc3 31. Rdb1 Qc2 32. Qd1 Qe4 33. Qd4 Qc6 34. Qd1 Qe4 35. Rc1 Rd3 36. Qf3 Qe5 37. Qa8+ Kh7 38. Qc6 Bf6 39. Qc2 Qf5 40. Ra2 g6 41. Rd1 Rxd1+ 42. Qxd1 Kg7 43. Rc2 1-0

[Event "Mecklenburg VP VL 1213"]
[Site "Mecklenburg VP"]
[Date "2013.04.28"]
[Round "9.8"]
[White "Ernst, Mathias"]
[Black "Streit, Bodo"]
[Result "1/2-1/2"]
[WhiteElo "1617"]
[BlackElo "1765"]
[PlyCount "86"]
[EventDate "2012.10.14"]
[EventType "team-tourn"]
[EventRounds "9"]
[EventCountry "GER"]
[SourceTitle "EXT 2022"]
[Source "ChessBase"]
[SourceDate "2021.10.06"]
[SourceVersion "1"]
[SourceVersionDate "2021.10.06"]
[SourceQuality "1"]
[WhiteTeam "Rostock HSG Uni"]
[BlackTeam "Grevesmuehlen Blau Weiss"]
[WhiteTeamCountry "GER"]
[BlackTeamCountry "GER"]

1. e4 e5 2. Nf3 Nc6 3. Bb5 a6 4. Ba4 Nf6 5. 0-0 Bc5 6. c3 b5 7. Bb3 d6 8. h3 0-0 9. Re1 Na5 10. Bc2 Bb6 11. d4 Qe7 12. Bg5 c5 13. d5 c4 14. Nbd2 h6 15. Bh4 Kh8 16. Nf1 Rg8 17. Qd2 g5 18. Bg3 Nh5 19. Nh4 Nf4 20. Nf5 Bxf5 21. exf5 Qf6 22. Nh2 h5 23. Qd1 g4 24. hxg4 Qg5 25. Qc1 hxg4 26. Re4 Nb7 27. Bxf4 Bxf2+ 28. Kf1 exf4 29. Qxf4 Qxf4 30. Rxf4 g3 31. f6 Rg5 32. Rh4+ Kg8 33. Ng4 Bc5 34. Nh6+ Kf8 35. Nf5 Re8 36. Ne7 Rxe7 37. fxe7+ Kxe7 38. Re1+ Kf6 39. Rh6+ Kg7 40. Rh7+ Kf8 41. Rh8+ Kg7 42. Rh7+ Kf8 43. Rh8+ Kg7 1/2-1/2

[Event "Mecklenburg VP VL 1213"]
[Site "Mecklenburg VP"]
[Date "2012.11.25"]
[Round "3.8"]
[White "Borchert, Ulf"]
[Black "Streit, Bodo"]
[Result "1/2-1/2"]
[WhiteElo "1853"]
[BlackElo "1765"]
[PlyCount "66"]
[EventDate "2012.10.14"]
[EventType "team-tourn"]
[EventRounds "9"]
[EventCountry "GER"]
[SourceTitle "EXT 2022"]
[Source "ChessBase"]
[SourceDate "2021.10.06"]
[SourceVersion "1"]
[SourceVersionDate "2021.10.06"]
[SourceQuality "1"]
[WhiteTeam "Wismar ASV Gruen-Weiss"]
[BlackTeam "Grevesmuehlen Blau Weiss"]
[WhiteTeamCountry "GER"]
[BlackTeamCountry "GER"]

1. d4 d5 2. Nf3 Nf6 3. Bg5 h6 4. Bh4 e6 5. e3 Be7 6. Bd3 b6 7. Nbd2 Bb7 8. c3 Ne4 9. Bxe7 Qxe7 10. Ne5 Nxd2 11. Qxd2 0-0 12. 0-0 Nd7 13. f4 Nxe5 14. fxe5 f5 15. exf6 Rxf6 16. Rxf6 Qxf6 17. Rf1 Qe7 18. Qf2 Bc6 19. Qg3 Rf8 20. Rf3 Rxf3 21. gxf3 Be8 22. Qe5 Qd6 23. Qxd6 cxd6 24. Kf2 Kf7 25. Kg3 Kf6 26. h4 Bh5 27. f4 g5 28. hxg5+ hxg5 29. fxg5+ Kxg5 30. b3 Kf6 31. Kf2 e5 32. Ke1 Ke6 33. Bb5 Bf3 1/2-1/2

[Event "Mecklenburg VP VL 1213"]
[Site "Mecklenburg VP"]
[Date "2012.10.14"]
[Round "1.8"]
[White "Glawe, Hartmut"]
[Black "Streit, Bodo"]
[Result "1-0"]
[WhiteElo "1844"]
[BlackElo "1765"]
[PlyCount "125"]
[EventDate "2012.10.14"]
[EventType "team-tourn"]
[EventRounds "9"]
[EventCountry "GER"]
[SourceTitle "EXT 2022"]
[Source "ChessBase"]
[SourceDate "2021.10.06"]
[SourceVersion "1"]
[SourceVersionDate "2021.10.06"]
[SourceQuality "1"]
[WhiteTeam "Stralsund FHSG"]
[BlackTeam "Grevesmuehlen Blau Weiss"]
[WhiteTeamCountry "GER"]
[BlackTeamCountry "GER"]

1. d4 Nf6 2. c4 g6 3. Nc3 d5 4. Nf3 Bg7 5. g3 0-0 6. Bg2 dxc4 7. 0-0 c6 8. Ne5 Ng4 9. Nxg4 Bxg4 10. d5 Bxc3 11. bxc3 cxd5 12. Bxd5 Bxe2 13. Bxf7+ Kxf7 14. Qxe2 Qd3 15. Qe5 Nc6 16. Qc7 Rac8 17. Qxb7 Qf3 18. Bf4 Kg8 19. Bh6 Nd4 20. Qxf3 Nxf3+ 21. Kg2 Rf6 22. h4 Ne5 23. Rae1 Rc5 24. Be3 Ra5 25. Bd4 Rf5 26. Re4 Nc6 27. Be3 Rxa2 28. Rxc4 Rf6 29. g4 Re6 30. Kg3 Kf7 31. g5 a5 32. Rb1 a4 33. Rb6 Nd8 34. Rf4+ Ke8 35. Rb8 a3 36. Ra4 Rb2 37. Rba8 Rb3 38. Rxa3 Rxa3 39. Rxa3 Rc6 40. Bd4 Kd7 41. f4 Ke6 42. Kg4 Rd6 43. Kf3 Nc6 44. Ke4 Kf7 45. Ra8 Rd8 46. Ra6 Rd6 47. Bc5 Re6+ 48. Kd5 Nb4+ 49. cxb4 Rxa6 50. b5 e6+ 51. Kc4 Ra4+ 52. Bb4 Ke8 53. b6 Kd7 54. Kb5 Ra2 55. Ba5 Rb2+ 56. Kc5 Rc2+ 57. Kb5 Kc8 58. Ka6 Kb8 59. Bb4 Ra2+ 60. Ba5 Ra4 61. b7 Rxf4 62. Be1 Kc7 63. Bg3 1-0

[Event "Mecklenburg VP VL 1112"]
[Site "Mecklenburg VP"]
[Date "2011.10.23"]
[Round "2.7"]
[White "Streit, Bodo"]
[Black "Dohnow, Thomas"]
[Result "1-0"]
[WhiteElo "1769"]
[BlackElo "1705"]
[PlyCount "87"]
[EventDate "2011.10.02"]
[EventType "team-tourn"]
[EventRounds "9"]
[EventCountry "GER"]
[SourceTitle "EXT 2022"]
[Source "ChessBase"]
[SourceDate "2021.10.06"]
[SourceVersion "1"]
[SourceVersionDate "2021.10.06"]
[SourceQuality "1"]
[WhiteTeam "Grevesmuehlen Blau Weiss"]
[BlackTeam "Waren ESV"]
[WhiteTeamCountry "GER"]
[BlackTeamCountry "GER"]

1. b4 e5 2. Bb2 e4 3. c4 Nf6 4. b5 d5 5. e3 c6 6. a4 Be7 7. cxd5 cxd5 8. Ne2 Bg4 9. h3 Bf5 10. Nd4 Bg6 11. Be2 Nbd7 12. 0-0 0-0 13. Ba3 Nc5 14. Bxc5 Bxc5 15. Nb3 Bd6 16. d4 Rc8 17. Qd2 Bb8 18. Nc5 Qd6 19. g3 b6 20. Na6 Nh5 21. Nxb8 Nxg3 22. Nc6 Nxf1 23. Kxf1 Qh2 24. Ke1 Qh1+ 25. Bf1 Rxc6 26. bxc6 Bf5 27. Qb4 Bxh3 28. Nd2 h5 29. Qd6 Be6 30. c7 Qh4 31. Rc1 Qg4 32. Ba6 h4 33. Nf1 h3 34. Qg3 Qf5 35. Qf4 Qxf4 36. exf4 Bc8 37. Bxc8 Rxc8 38. f3 f5 39. Kf2 Kf7 40. Rc6 Ke7 41. fxe4 fxe4 42. Ne3 Kd7 43. Rc2 Ke6 44. Kg3 1-0

[Event "Mecklenburg VP VL 1011"]
[Site "Mecklenburg VP"]
[Date "2010.12.12"]
[Round "4"]
[White "Moeller, Stefan"]
[Black "Streit, Bodo"]
[Result "0-1"]
[WhiteElo "1688"]
[BlackElo "1760"]
[PlyCount "100"]
[EventDate "2010.10.10"]
[EventType "team-tourn"]
[EventRounds "9"]
[EventCountry "GER"]
[SourceTitle "EXT 2022"]
[Source "ChessBase"]
[SourceDate "2021.10.06"]
[SourceVersion "1"]
[SourceVersionDate "2021.10.06"]
[SourceQuality "1"]
[WhiteTeam "Rostock HSG Uni"]
[BlackTeam "Grevesmuehlen Blau Weiss"]
[WhiteTeamCountry "GER"]
[BlackTeamCountry "GER"]

1. e4 e5 2. Nf3 Nc6 3. Bc4 Bc5 4. c3 d6 5. d4 Bb6 6. dxe5 Be6 7. Bxe6 fxe6 8. exd6 Qxd6 9. 0-0 Qxd1 10. Rxd1 Rd8 11. Rxd8+ Kxd8 12. Bg5+ Nge7 13. Na3 h6 14. Rd1+ Ke8 15. Bxe7 Kxe7 16. Nc4 Rf8 17. Nxb6 axb6 18. Kf1 Rf4 19. Re1 Kd6 20. Nd4 Ne5 21. Rd1 Ke7 22. f3 Nc4 23. Ke2 Nxb2 24. Rb1 Na4 25. Kd2 Rf8 26. Kc2 Ra8 27. Rd1 Nc5 28. Kb2 c6 29. Nb3 Nd7 30. f4 c5 31. e5 Ra4 32. g3 Re4 33. Kc2 Ra4 34. Kb2 g5 35. Rf1 Re4 36. Nc1 c4 37. Rf2 Nc5 38. Kc2 Re1 39. Re2 Rf1 40. fxg5 hxg5 41. Rd2 Ne4 42. Rd4 Rf2+ 43. Kd1 Nxc3+ 44. Ke1 Rc2 45. Rxc4 Rxc1+ 46. Kd2 Nxa2 47. Rxc1 Nxc1 48. Kxc1 g4 49. Kd2 b5 50. Kc3 Kf7 0-1

[Event "Mecklenburg VP LL2 West 0708"]
[Site "Mecklenburg VP"]
[Date "2008.02.10"]
[Round "6.7"]
[White "Lindner, Thomas"]
[Black "Streit, Bodo"]
[Result "0-1"]
[WhiteElo "1602"]
[BlackElo "1769"]
[PlyCount "110"]
[EventDate "2007.10.21"]
[EventType "team-tourn"]
[EventRounds "9"]
[EventCountry "GER"]
[SourceTitle "EXT 2016"]
[Source "ChessBase"]
[SourceDate "2015.10.08"]
[SourceVersion "1"]
[SourceVersionDate "2015.10.08"]
[SourceQuality "1"]
[WhiteTeam "Schwerin SF III"]
[BlackTeam "Grevesmuehlen Blau Weiss"]
[WhiteTeamCountry "GER"]
[BlackTeamCountry "GER"]

1. d4 d5 2. c4 e6 3. Nc3 Nf6 4. Bg5 Nbd7 5. e3 Be7 6. Bd3 h6 7. Bh4 c6 8. a3 Nb6 9. c5 Nbd7 10. Nf3 b6 11. b4 bxc5 12. bxc5 Qa5 13. Qc2 Ne4 14. Bxe4 dxe4 15. Bxe7 Kxe7 16. Nd2 f5 17. 0-0 Ba6 18. Rfb1 Bd3 19. Qc1 Bxb1 20. Rxb1 Rab8 21. Rxb8 Rxb8 22. g3 Qa6 23. Kg2 Nf6 24. Na2 Nd5 25. Nc4 Rb3 26. Qc2 Qb5 27. Nb4 Rxb4 28. axb4 Qxb4 29. Qa2 Kf6 30. Ne5 Qb7 31. Qa5 Nc7 32. Qa4 Nb5 33. Qa5 Qc8 34. h3 g5 35. Kh2 h5 36. Kg2 f4 37. Kh2 f3 38. Kg1 g4 39. h4 Ke7 40. Ng6+ Ke8 41. Nf4 Kf7 42. Nxh5 Ke7 43. Nf4 Kf6 44. Qa1 Qe8 45. Qb1 Kf5 46. Qa2 Qd7 47. h5 Nc3 48. Qc2 Nd5 49. Ng6 Nf6 50. Nh4+ Kg5 51. Qb3 Qc8 52. Ng6 Nxh5 53. Ne5 Nf6 54. Kf1 Qa6+ 55. Ke1 Qe2# 0-1